[Event "13MCR_F"]
[Site "?"]
[Date "1999.??.??"]
[Round "5"]
[White "Alexa, Jaroslav"]
[Black "Masek, Jan"]
[Result "0-1"]
[WhiteElo "2360"]
[BlackElo "2280"]
[PlyCount "117"]
[EventDate "1999.??.??"]
[EventType "corr"]

1. d4 Nf6 2. Nf3 g6 3. c4 Bg7 4. Nc3 O-O 5. e4 d6 6. Be2 e5 7. O-O a5 8. d5 Na6
9. Bg5 h6 10. Bh4 Bd7 11. Nd2 Qe8 12. b3 Nh7 13. a3 h5 14. f3 Bh6 15. Kh1 Be3
16. Rb1 Bc5 17. Qc1 f5 18. exf5 gxf5 19. Na2 Qg6 20. b4 axb4 21. axb4 Be3 22.
Bf2 Bxf2 23. Rxf2 Nf6 24. Qc2 Kh7 25. Nc3 Rg8 26. Bd3 h4 27. Nf1 Nh5 28. Ne3
Raf8 29. Ne2 Qg5 30. Nf1 Rg6 31. Qc3 Rfg8 32. c5 Nf6 33. f4 Qh6 34. Ne3 e4 35.
Bxa6 bxa6 36. Ng1 Ng4 37. Nxg4 fxg4 38. cxd6 cxd6 39. Re1 Re8 40. Re3 g3 41.
Rf1 Bb5 42. f5 Rg4 43. h3 Rgg8 44. Rfe1 Bd3 45. Nf3 Rgf8 46. Nd4 Rc8 47. Qd2
Rf7 48. Qd1 Rc3 49. Qd2 Rc4 50. Nf3 Rf6 51. Rxd3 exd3 52. Ng5+ Kg8 53. Qxd3 Rc7
54. Nf3 Rc1 55. Rxc1 Qxc1+ 56. Ng1 Qf4 57. Qxa6 Rxf5 58. Qc8+ Kg7 59. Qc7+ 0-1

[Event "13MCR_F"]
[Site "?"]
[Date "1999.??.??"]
[Round "6"]
[White "Alexa, Jaroslav"]
[Black "Bures, Jilji"]
[Result "1/2-1/2"]
[WhiteElo "2360"]
[BlackElo "2250"]
[PlyCount "57"]
[EventDate "1999.??.??"]
[EventType "corr"]

1. d4 d5 2. c4 e6 3. Nc3 Nf6 4. Nf3 c6 5. Bg5 Nbd7 6. cxd5 exd5 7. e3 Be7 8.
Bd3 O-O 9. Qc2 Re8 10. O-O Nf8 11. h3 g6 12. Rab1 Ne6 13. Bh6 Ng7 14. b4 a6 15.
a4 Bf5 16. Bxg7 Bxd3 17. Qxd3 Kxg7 18. Rfc1 Bd6 19. b5 axb5 20. axb5 Ra3 21.
Qc2 Qa8 22. bxc6 bxc6 23. Rb2 Rb8 24. Rxb8 Bxb8 25. Rb1 Bd6 26. Nd2 Qa5 27. Rb3
Ra1+ 28. Rb1 Ra3 29. Rb3 1/2-1/2

[Event "13MCR_F"]
[Site "?"]
[Date "1999.??.??"]
[Round "7"]
[White "Alexa, Jaroslav"]
[Black "Jirku, Jaroslav"]
[Result "1/2-1/2"]
[WhiteElo "2360"]
[BlackElo "2230"]
[PlyCount "75"]
[EventDate "1999.??.??"]
[EventType "corr"]

1. d4 d5 2. c4 e6 3. Nc3 Nf6 4. cxd5 exd5 5. Bg5 Be7 6. e3 c6 7. Qc2 Bg4 8. h3
Be6 9. Bd3 h6 10. Bh4 O-O 11. Nge2 Nbd7 12. O-O c5 13. dxc5 Nxc5 14. Rfd1 Rc8
15. Rac1 Qb6 16. b3 Ncd7 17. Qb2 Qa5 18. Nb1 Nc5 19. Bc2 Nce4 20. a3 Qb6 21. b4
a5 22. b5 Bd6 23. Bxf6 Nxf6 24. Nd4 Be5 25. Nc3 Rc7 26. Bb1 Rfc8 27. Nce2 Bd7
28. Rxc7 Rxc7 29. Qb3 Rc5 30. a4 Qc7 31. Bd3 b6 32. Qb1 Qc8 33. Nf3 Bd6 34.
Ned4 Qe8 35. Bf5 Bxf5 36. Nxf5 Be5 37. Qb3 Rc3 38. Qa2 1/2-1/2

[Event "13MCR_F"]
[Site "?"]
[Date "1999.??.??"]
[Round "8"]
[White "Alexa, Jaroslav"]
[Black "Hybl, Vladislav"]
[Result "1/2-1/2"]
[WhiteElo "2360"]
[BlackElo "2200"]
[PlyCount "113"]
[EventDate "1999.??.??"]
[EventType "corr"]

1. d4 c5 2. d5 e5 3. e4 d6 4. Nc3 a6 5. a4 g6 6. a5 f5 7. Be2 fxe4 8. Nxe4 Nf6
9. Bg5 Be7 10. Nc3 O-O 11. Nf3 Nh5 12. Bh6 Rf7 13. Nd2 Nf4 14. Bf3 b5 15. axb6
Nd7 16. O-O Nxb6 17. Nde4 Bf8 18. Bxf8 Rxf8 19. Bg4 Bf5 20. Re1 Qe7 21. g3 Nh3+
22. Kg2 Ng5 23. Bxf5 gxf5 24. Nxg5 Qxg5 25. Qd3 Qg7 26. Ra5 e4 27. Qe2 Qb7 28.
f3 exf3+ 29. Qxf3 Nc4 30. Ra2 Rae8 31. Re2 Ne5 32. Qf4 Re6 33. Rf2 Rg6 34. b3
Ng4 35. Rf3 Ne5 36. Rf1 Rg4 37. Qh6 f4 38. Qe6+ Kh8 39. Qxd6 Qg7 40. Ne2 f3+
41. Kh1 Rg8 42. c4 Nd3 43. Qe6 fxe2 44. Qxe2 Nb4 45. Rd2 Qd7 46. Qe5+ R4g7 47.
Rf6 Qe8 48. Re6 Qf7 49. Rf6 Re8 50. Qf4 Re1+ 51. Kg2 Qe7 52. Rf8+ Rg8 53. Rxg8+
Kxg8 54. d6 Qb7+ 55. Kf2 Qh1 56. Qg5+ Kf7 57. Qf5+ 1/2-1/2

[Event "13MCR_F"]
[Site "?"]
[Date "1999.??.??"]
[Round "9"]
[White "Vavrla, Zdenek"]
[Black "Alexa, Jaroslav"]
[Result "1-0"]
[WhiteElo "2480"]
[BlackElo "2360"]
[PlyCount "155"]
[EventDate "1999.??.??"]
[EventType "corr"]

1. d4 d5 2. c4 c6 3. Nf3 Nf6 4. Nc3 dxc4 5. a4 Bf5 6. e3 e6 7. Bxc4 Bb4 8. O-O
Nbd7 9. Qe2 Bg4 10. Rd1 O-O 11. e4 Qa5 12. h3 Bxf3 13. Qxf3 e5 14. d5 Nb6 15.
Bb3 Bxc3 16. bxc3 cxd5 17. exd5 Rac8 18. c4 Nxc4 19. Bg5 e4 20. Qf5 Nd6 21. Qe5
Qd8 22. Rac1 Rxc1 23. Rxc1 Re8 24. Qd4 h6 25. Bf4 b6 26. Rc6 Nb7 27. d6 Na5 28.
Rc7 Nxb3 29. Qc4 Nd7 30. Qxb3 Qf6 31. Bg3 Qf5 32. Rxa7 Rd8 33. Qc2 Qe6 34. Qc7
Qe8 35. Bf4 Nf6 36. Qc4 Nd7 37. Rc7 Qe6 38. Qxe6 fxe6 39. Bd2 Kf7 40. a5 bxa5
41. Bxa5 Ke8 42. Rc4 Ra8 43. Bc3 g6 44. Rxe4 Kf7 45. Kh2 Ra6 46. Rf4+ Ke8 47.
Rg4 Kf7 48. Rf4+ Ke8 49. Bb4 h5 50. Re4 Kf7 51. Kg3 Rb6 52. f4 Rb5 53. Kh4 Nb6
54. g3 Nd7 55. Bc3 Rc5 56. Be5 Rd5 57. g4 hxg4 58. hxg4 Rc5 59. Kg5 Rc1 60. Ra4
Rg1 61. Ra7 Ke8 62. Ra8+ Kf7 63. Rh8 Nf8 64. Rxf8+ Kxf8 65. Kf6 Ke8 66. Kxe6
Rd1 67. g5 Rd3 68. f5 gxf5 69. g6 Kf8 70. d7 Rxd7 71. Kxd7 f4 72. Ke6 Kg8 73.
Kf6 f3 74. Bg3 f2 75. Bxf2 Kf8 76. g7+ Kg8 77. Bg3 Kh7 78. Kf7 1-0

[Event "13MCR_F"]
[Site "?"]
[Date "1999.??.??"]
[Round "10"]
[White "Svoboda, Frantisek"]
[Black "Alexa, Jaroslav"]
[Result "1/2-1/2"]
[WhiteElo "2445"]
[BlackElo "2360"]
[PlyCount "111"]
[EventDate "1999.??.??"]
[EventType "corr"]

1. c4 c6 2. d4 d5 3. Nf3 Nf6 4. Nc3 dxc4 5. a4 Bf5 6. Ne5 e6 7. f3 Bb4 8. e4
Bxe4 9. fxe4 Nxe4 10. Bd2 Qxd4 11. Nxe4 Qxe4+ 12. Qe2 Bxd2+ 13. Kxd2 Qd5+ 14.
Kc2 Na6 15. Nxc4 O-O-O 16. Qe5 f6 17. Qe3 Kb8 18. Be2 Qxg2 19. Rhg1 Qxh2 20.
Rxg7 Nb4+ 21. Kb3 Nd5 22. Qf3 Qf4 23. Rf1 Qd4 24. Qf2 Qxf2 25. Rxf2 Kc8 26. Bg4
f5 27. Bh5 Rd7 28. Rxd7 Kxd7 29. Rg2 Rd8 30. Rg7+ Kc8 31. Bf7 Nf4 32. Rxh7 Rd5
33. a5 Kd8 34. Bg8 Rd7 35. Rh4 Rd4 36. Rh6 Ke7 37. Rh7+ Kf8 38. Rxb7 Kxg8 39.
Rxa7 Rd8 40. a6 Nd3 41. Kc3 c5 42. Nb6 Nb4 43. Nd7 Rc8 44. Nf6+ Kf8 45. Kc4 f4
46. Nd7+ Ke8 47. Ne5 f3 48. Nxf3 Rb8 49. b3 Rb6 50. Ra8+ Kd7 51. a7 Ra6 52. Ng5
Nc6 53. Nxe6 Rxa7 54. Nxc5+ Kc7 55. Rxa7+ Nxa7 56. Na4 1/2-1/2

[Event "13MCR_F"]
[Site "?"]
[Date "1999.??.??"]
[Round "11"]
[White "Tichy, Josef"]
[Black "Alexa, Jaroslav"]
[Result "1/2-1/2"]
[WhiteElo "2325"]
[BlackElo "2360"]
[PlyCount "62"]
[EventDate "1999.??.??"]
[EventType "corr"]

1. e4 c5 2. Nf3 Nc6 3. d4 cxd4 4. Nxd4 Nf6 5. Nc3 e5 6. Ndb5 d6 7. Bg5 a6 8.
Na3 b5 9. Bxf6 gxf6 10. Nd5 Bg7 11. c3 f5 12. exf5 Bxf5 13. Nc2 Be6 14. Nce3
O-O 15. Bd3 f5 16. Bc2 Ra7 17. Qh5 b4 18. O-O bxc3 19. bxc3 Raf7 20. Rad1 Ne7
21. c4 Nxd5 22. Nxd5 e4 23. Kh1 Qc8 24. Qe2 Be5 25. f3 exf3 26. gxf3 f4 27.
Rg1+ Kh8 28. Rg5 Rg8 29. Rdg1 Rxg5 30. Rxg5 Bxd5 31. cxd5 Rc7 1/2-1/2

[Event "13MCR_F"]
[Site "?"]
[Date "1999.??.??"]
[Round "12"]
[White "Viktora, Zdenek"]
[Black "Alexa, Jaroslav"]
[Result "0-1"]
[WhiteElo "2300"]
[BlackElo "2360"]
[PlyCount "112"]
[EventDate "1999.??.??"]
[EventType "corr"]

1. c4 Nf6 2. Nf3 e6 3. d4 Bb4+ 4. Bd2 Qe7 5. e3 Bxd2+ 6. Nbxd2 d6 7. Bd3 O-O 8.
O-O e5 9. Qc2 a5 10. Ne4 Nxe4 11. Bxe4 f5 12. Bd5+ Kh8 13. c5 e4 14. Ne1 c6 15.
cxd6 Qxd6 16. Bb3 Be6 17. f3 exf3 18. Nxf3 Nd7 19. Ng5 Bxb3 20. Qxb3 Qe7 21.
Nf3 Nf6 22. Ne5 g6 23. Rf3 Ne4 24. Qc2 Rfe8 25. Raf1 Nf6 26. Kh1 Rad8 27. Rh3
Kg7 28. Qf2 Ne4 29. Qf4 Kg8 30. Qh6 Qg7 31. g4 Rxe5 32. dxe5 fxg4 33. Rh4 Qxh6
34. Rxh6 Kg7 35. Rh4 h5 36. Rf4 Nd2 37. Kg2 g5 38. Rxh5 gxf4 39. Rg5+ Kf7 40.
exf4 Nc4 41. Kg3 Rd2 42. b3 Ne3 43. f5 Rxa2 44. Rh5 Nf1+ 45. Kxg4 Rxh2 46. Rxh2
Nxh2+ 47. Kf4 Nf1 48. Ke4 Nd2+ 49. Kd3 Nxb3 50. Kc3 a4 51. Kb4 b5 52. Kc3 c5
53. Kb2 Nd4 54. f6 Nf3 55. Ka3 Nxe5 56. Kb2 b4 0-1

[Event "13MCR_F"]
[Site "?"]
[Date "1999.??.??"]
[Round "13"]
[White "Kostal, Jindrich"]
[Black "Alexa, Jaroslav"]
[Result "1/2-1/2"]
[WhiteElo "2280"]
[BlackElo "2360"]
[PlyCount "115"]
[EventDate "1999.??.??"]
[EventType "corr"]

1. e4 c5 2. Nf3 Nc6 3. d4 cxd4 4. Nxd4 Nf6 5. Nc3 e5 6. Ndb5 d6 7. Bg5 a6 8.
Na3 b5 9. Nd5 Be7 10. Bxf6 Bxf6 11. c3 O-O 12. Nc2 Bg5 13. a4 bxa4 14. Rxa4 a5
15. Bc4 Rb8 16. b3 Kh8 17. h4 Bh6 18. g4 Bf4 19. Na3 Be6 20. Nb5 Qd7 21. Rg1
Rfd8 22. Na3 Qc8 23. Qd3 Qb7 24. Kf1 Qa7 25. b4 Ra8 26. Nb5 Qb7 27. Nbc7 Bxd5
28. Nxd5 axb4 29. Ba6 Qa7 30. Bb5 Qb7 31. Ba6 Qa7 32. Bb5 Qb7 33. Bxc6 Qxc6 34.
Rxb4 Rdb8 35. Rxb8+ Rxb8 36. Kg2 Qd7 37. Qf3 Bd2 38. Ra1 h6 39. g5 Qe6 40. Ra2
Bc1 41. Ra7 Rf8 42. Qh5 Kh7 43. Re7 Qg6 44. Qxg6+ Kxg6 45. gxh6 Kxh6 46. Rd7
Ba3 47. Ne3 Kh5 48. Kg3 g5 49. hxg5 Kxg5 50. Nc4 Rc8 51. Nxa3 Rxc3+ 52. f3 Rxa3
53. Rxf7 Ra2 54. Rf5+ Kg6 55. Rf8 Kg5 56. Rb8 Rd2 57. Rb5 Kf6 58. f4 1/2-1/2

[Event "13MCR_F"]
[Site "?"]
[Date "1999.??.??"]
[Round "14"]
[White "Milos, Vladislav"]
[Black "Alexa, Jaroslav"]
[Result "0-1"]
[WhiteElo "2270"]
[BlackElo "2360"]
[PlyCount "122"]
[EventDate "1999.??.??"]
[EventType "corr"]

1. e4 c5 2. Nf3 Nc6 3. Bb5 g6 4. O-O Bg7 5. Re1 Nf6 6. c3 O-O 7. h3 a6 8. Bf1
e5 9. c4 Bh6 10. Nc3 d6 11. b3 Bd7 12. Bb2 Nd4 13. d3 Re8 14. Be2 Nxf3+ 15.
Bxf3 b5 16. Rf1 Rb8 17. Bc1 Bxc1 18. Rxc1 b4 19. Ne2 a5 20. Ng3 a4 21. Be2 Qe7
22. f4 Ra8 23. Qd2 axb3 24. axb3 Ra3 25. Rb1 Rea8 26. f5 Ne8 27. Bg4 Bc8 28.
fxg6 fxg6 29. Bxc8 Rxc8 30. Qd1 Rca8 31. Qg4 Ng7 32. Rf2 Ra2 33. Rbf1 Rxf2 34.
Rxf2 Ra3 35. Qc8+ Qe8 36. Qxe8+ Nxe8 37. Rb2 Ng7 38. Nf1 Ne6 39. g3 Nd4 40. Nd2
g5 41. Kf2 Kg7 42. Ke3 Kg6 43. Kf2 h5 44. h4 gxh4 45. gxh4 Ne6 46. Ke3 Nf4 47.
Nf3 Ra1 48. d4 cxd4+ 49. Nxd4 exd4+ 50. Kxf4 Kf6 51. Rf2 Rb1 52. Rf3 Rg1 53.
Rf2 Rg4+ 54. Kf3 Ke5 55. Ra2 Rf4+ 56. Kg3 Kxe4 57. Re2+ Kd3 58. Re6 Rg4+ 59.
Kf3 Kc2 60. Rxd6 d3 61. Ke3 Rxh4 0-1

[Event "13MCR_F"]
[Site "?"]
[Date "1999.??.??"]
[Round "15"]
[White "Hlavacek, Robert"]
[Black "Alexa, Jaroslav"]
[Result "1/2-1/2"]
[WhiteElo "2250"]
[BlackElo "2360"]
[PlyCount "57"]
[EventDate "1999.??.??"]
[EventType "corr"]

1. d4 d5 2. c4 c6 3. Nf3 Nf6 4. Nc3 dxc4 5. a4 Bf5 6. e3 e6 7. Bxc4 Bb4 8. O-O
Nbd7 9. Qe2 O-O 10. e4 Bg6 11. Bd3 Bh5 12. e5 Nd5 13. Ne4 Be7 14. Ng3 Bg6 15.
Bxg6 fxg6 16. Ne4 c5 17. a5 a6 18. Nfg5 Nc7 19. Rd1 h6 20. Nxe6 Nxe6 21. Qc4
Kf7 22. d5 Nxe5 23. dxe6+ Kg8 24. Qe2 Qe8 25. Nd6 Bxd6 26. Rxd6 Rf5 27. Be3 Qe7
28. Rad1 Re8 29. b3 1/2-1/2

[Event "13MCR_F"]
[Site "?"]
[Date "1999.??.??"]
[Round "16"]
[White "Vinklarek, Vlastimil"]
[Black "Alexa, Jaroslav"]
[Result "1/2-1/2"]
[WhiteElo "2225"]
[BlackElo "2360"]
[PlyCount "68"]
[EventDate "1999.??.??"]
[EventType "corr"]

1. d4 d5 2. c4 c6 3. Nc3 Nf6 4. e3 e6 5. Nf3 Nbd7 6. Bd3 dxc4 7. Bxc4 b5 8. Bd3
Bb7 9. O-O a6 10. e4 c5 11. d5 Qc7 12. Ng5 exd5 13. Nxd5 Nxd5 14. exd5 Bd6 15.
Re1+ Kf8 16. a4 b4 17. g3 h6 18. Ne4 Bxd5 19. Nxd6 Qxd6 20. Be3 Qc6 21. Rc1 Kg8
22. Bd4 Qd6 23. Be3 Qc6 24. Be2 Kh7 25. Bxc5 Nxc5 26. Qc2+ g6 27. Qxc5 Rhc8 28.
Qxc6 Rxc6 29. Rxc6 Bxc6 30. Bc4 Bxa4 31. Bxf7 Ra7 32. Be6 Bb5 33. f4 Rc7 34.
Bd5 Kg7 1/2-1/2